La música en Cuba
Recorrido desde las primeras manifestaciones en la época colonial y la conquista, hasta el siglo XX. El autor analizó, las influencias de otros países y culturas, los compositores más reconocidos, las pautas marcadas por la sociedad y muchos otros aspectos de la música en el país, por medio de una e...
Guardat en:
| Autor principal: | |
|---|---|
| Format: | Llibre |
| Idioma: | Undetermined |
| Publicat: |
México, Distrito Federal
Fondo de Cultura Económica
1993
|
| Edició: | 4 |
| Matèries: | |
| Etiquetes: |
Afegir etiqueta
Sense etiquetes, Sigues el primer a etiquetar aquest registre!
|
MARC
| LEADER | 00000nam a2200000Ia 4500 | ||
|---|---|---|---|
| 008 | 170316s9999 xx 000 0 und d | ||
| 040 | |a cru BVZT | ||
| 090 | |a 860 C-17m | ||
| 100 | |a Carpentier, Alejo |9 1357 | ||
| 245 | |a La música en Cuba | ||
| 250 | |a 4 | ||
| 260 | |a México, Distrito Federal | ||
| 260 | |b Fondo de Cultura Económica | ||
| 260 | |c 1993 | ||
| 300 | |a 368 páginas | ||
| 520 | |a Recorrido desde las primeras manifestaciones en la época colonial y la conquista, hasta el siglo XX. El autor analizó, las influencias de otros países y culturas, los compositores más reconocidos, las pautas marcadas por la sociedad y muchos otros aspectos de la música en el país, por medio de una exhaustiva búsqueda de documentos y archivos en bibliotecas. | ||
| 650 | |a LITERATURA LATINOAMERICANA |9 15 | ||
| 999 | |c 8491 |d 8491 | ||
| 942 | |c 15 D |h 860 C-17m |2 z | ||
